| 000 | 01007nam a2200265 i 4500 | ||
|---|---|---|---|
| 001 | 186301 | ||
| 003 | SpMaBN | ||
| 005 | 20250828112357.0 | ||
| 008 | 161005s1998 sp fo |||| ||spa d | ||
| 020 | _a84-7960-233-3 | ||
| 080 | _a372.3.02 | ||
| 100 | 1 |
_aDíez Navarro, Mari Carmen, _d1949- _9161056 |
|
| 245 | 1 | 3 |
_aLa oreja verde de la escuela _b: trabajo por proyectos y vida cotidiana en la escuela infantil / _cCarmen Díez Navarro. |
| 250 | _a2ª ed. | ||
| 260 |
_aMadrid : _bEdiciones de la Torre, _c1998. |
||
| 300 |
_a206 p., XVI p. de lám. fot. col. ; _c24 cm. |
||
| 490 | 1 |
_aProyecto didáctico Quirón ; _v54. _aEducación infantil |
|
| 504 | _aBibliografía: p. 205-206. | ||
| 650 | 0 | 7 |
_aEducación Infantil _2embne _912111 |
| 650 | 0 | 4 |
_aEnseñanza activa. _912299 |
| 830 | 0 | 0 |
_aProyecto didáctico Quirón. _pEducación infantil _v54. _9225396 |
| 852 |
_aES-MaACL _jA-13925 _9193356 _bR.151237 _cDEPO1 _dOlim: N-6925 |
||
| 942 |
_2udc _cMONOGRAFIA |
||
| 999 |
_c186301 _d186301 |
||